|
|
|
|
| LEADER |
02106nam a2200337 a 4500 |
| 001 |
0017179 |
| 003 |
BD-DhAAL |
| 008 |
090727s1987 nju b 101 0 eng d |
| 010 |
|
|
|a 87002241
|
| 020 |
|
|
|a 0691053723 (alk. paper) :
|c $35.00
|
| 020 |
|
|
|a 069100840X
|
| 040 |
|
|
|a DLC
|c DLC
|d DLC
|d BD-DhAAL
|
| 082 |
0 |
0 |
|a 909.09812
|2 19
|
| 245 |
0 |
0 |
|a Colonial identity in the Atlantic world, 1500-1800 /
|c edited by Nicholas Canny and Anthony Pagden.
|
| 260 |
|
|
|a Princeton, N.J. :
|b Princeton University Press,
|c c1987.
|
| 300 |
|
|
|a xi, 290 p. ;
|c 25 cm
|
| 500 |
|
|
|a Chiefly revised versions of essays presented at a seminar held in 1982 at the Institute for Advanced Study, Princeton, N.J.
|
| 504 |
|
|
|a Includes bibliographical references and index.
|
| 505 |
0 |
|
|a Introduction: colonial identity in the Atlantic world / John H. Elliott -- The formation of a colonial identity in Brazil / Stuart B. Schwartz -- Identity formation in Spanish America / Anthony Pagden -- Nouvelle-France/Québec/Canada / Gilles Paquet and Jean-Pierre Wallot -- Identity in British America / Michael Zuckerman -- Identity formation in Ireland / Nicholas Canny -- Changing identity in the British Caribbean / Jack P. Greene -- Afterword : from identity to independence / Anthony Pagden and Nicholas Canny.
|
| 526 |
|
|
|a ENH
|x Prof. Syed Manzoorul Islam
Faculty Member of BRAC University
|
| 541 |
1 |
|
|e 00017179
|a Friends' Book Corner
|
| 651 |
|
0 |
|a America
|x History
|y To 1810
|x Congresses.
|9 58340
|
| 651 |
|
0 |
|a Europe
|x Colonies
|z America
|x Congresses.
|9 58341
|
| 651 |
|
0 |
|a Ireland
|x Civilization
|x Congresses.
|9 58342
|
| 700 |
1 |
|
|a Canny, Nicholas P.
|9 58343
|
| 700 |
1 |
|
|a Pagden, Anthony.
|9 58344
|
| 710 |
2 |
|
|a Institute for Advanced Study (Princeton, N.J.)
|9 58345
|
| 852 |
4 |
|
|a Ayesha Abed Library
|c General Stacks
|
| 942 |
|
|
|2 ddc
|c BK
|
| 999 |
|
|
|c 2900
|d 2900
|
| 952 |
|
|
|0 0
|1 0
|2 ddc
|4 0
|6 909_098120000000000_COL
|7 0
|9 2634
|a BRACUL
|b BRACUL
|c GEN
|d 2008-05-11
|e Friends' Book Corner
|g 2970.00
|l 2
|o 909.09812 COL
|p 3010017179
|r 2015-04-08
|s 2015-04-08
|t 1
|w 2009-07-27
|y BK
|x Requisitioned by Prof. Syed Manzoorul Islam (Faculty Member of BRAC University).
|